[Event "Ambelokipi op 140th"]
[Site "Athens"]
[Date "2013.11.16"]
[Round "2"]
[White "Avgoustinatos, Vassilis"]
[Black "Tsiros, Fragkiskos Vlasios"]
[Result "0-1"]
[WhiteElo "1651"]
[BlackElo "1991"]
[PlyCount "57"]
[EventDate "2013.11.11"]
[EventType "swiss"]
[EventRounds "7"]
[EventCountry "GRE"]
[SourceTitle "EXT 2024"]
[Source "ChessBase"]
[SourceDate "2023.10.10"]
[SourceVersion "1"]
[SourceVersionDate "2023.10.10"]
[SourceQuality "1"]

1. f4 g6 2. Nf3 Bg7 3. e4 c5 4. Bc4 Nc6 5. a4 e6 6. Nc3 Nge7 7. e5 d5 8. exd6 Qxd6 9. d3 Nd5 10. Ne4 Qe7 11. 0-0 0-0 12. a5 f5 13. Nf2 Qc7 14. Qe1 Bd7 15. Nh3 Rae8 16. a6 bxa6 17. Rxa6 Ncb4 18. Ra3 Nxc2 19. Qh4 Nxa3 20. bxa3 Qd8 21. Nhg5 h6 22. Bb2 Bxb2 23. Qxh6 Qe7 24. Qxg6+ Qg7 25. Qh5 Nxf4 26. Qh4 Ng6 27. Qh3 Bf6 28. Re1 Bxg5 29. Nxg5 0-1

[Event "Athens Kaissa op 1st"]
[Site "Athens"]
[Date "2009.09.13"]
[Round "1.1"]
[White "Avgoustinatos, Vassilis"]
[Black "Kostouros, Alexandros"]
[Result "0-1"]
[WhiteElo "1807"]
[BlackElo "2222"]
[PlyCount "82"]
[EventDate "2009.09.13"]
[EventType "swiss"]
[EventRounds "7"]
[EventCountry "GRE"]
[SourceTitle "EXT 2024"]
[Source "ChessBase"]
[SourceDate "2023.10.10"]
[SourceVersion "1"]
[SourceVersionDate "2023.10.10"]
[SourceQuality "1"]

1. f4 d5 2. e3 c5 3. d4 Nc6 4. Nf3 Bf5 5. b3 cxd4 6. Nxd4 Nxd4 7. Qxd4 Nf6 8. Nc3 e6 9. Bb5+ Nd7 10. 0-0 Bxc2 11. e4 Rc8 12. Kh1 Qb6 13. Qa4 Rxc3 14. Bxd7+ Kd8 15. Be8 Rc7 16. Bd2 Qa6 17. Qxa6 bxa6 18. Ba5 Kxe8 19. Bxc7 Bxe4 20. Bb8 Bc5 21. Rac1 Kd7 22. Be5 Bd6 23. Bd4 Ra8 24. Rc3 f6 25. Rg3 g5 26. Be3 Rc8 27. Rc1 Rxc1+ 28. Bxc1 Bxf4 29. Bxf4 gxf4 30. Rg7+ Kd6 31. Rxa7 Bd3 32. h4 e5 33. a4 h5 34. b4 d4 35. a5 e4 36. Kg1 e3 37. Rf7 Ke6 38. Rc7 Bb5 39. Rc5 Kd6 40. Rf5 d3 41. Rxf4 d2 0-1

[Event "Ambelokipi op 091th"]
[Site "Athens"]
[Date "2008.11.12"]
[Round "2"]
[White "Kesoglou, Konstantinos"]
[Black "Avgoustinatos, Vassilis"]
[Result "1-0"]
[WhiteElo "2178"]
[BlackElo "1885"]
[PlyCount "32"]
[EventDate "2008.11.08"]
[EventType "swiss"]
[EventCountry "GRE"]
[SourceTitle "EXT 2024"]
[Source "ChessBase"]
[SourceDate "2023.10.10"]
[SourceVersion "1"]
[SourceVersionDate "2023.10.10"]
[SourceQuality "1"]

1. e4 c5 2. Nf3 e6 3. Bc4 Qc7 4. 0-0 Nc6 5. c3 Nf6 6. Re1 b6 7. a3 Bb7 8. d4 h6 9. Ba2 g5 10. d5 Ne5 11. c4 Bd6 12. g3 0-0-0 13. Nc3 a6 14. Rb1 h5 15. Bxg5 Neg4 16. e5 exd5 1-0